000 01612nam0a22003011 4500
001 rc\4844025
005 20250612194144.0
021 _aRU
_bРг3078-59
035 _a(NLR Aleph) 008811850
090 _a8166718
_c8166718
100 _a20130426d1959 |||y0rusy50 ca
101 0 _arus
102 _aRU
105 _ay ac |||||
200 1 _aНадежда Константиновна Крупская
_eК 90-летию со дня рождения. 26 февр. 1869 г. - 26 февр. 1959 г.
_e[Библиогр. указатель литературы]
_fСост. библиогр. А.Г. Тимофеева
_gРед. библиогр. Р.В. Петропавловский
_gМ-во культуры РСФСР. Гос. ордена Ленина б-ка СССР им. В.И. Ленина. Отд. справочно-библиогр. и информ. работы
210 _aМосква
_cБ. и.
_d1959
215 _a[3], 12 отд. л.
_d30
300 _aТекст на одной стороне листа
300 _aНапеч. на ротапринте
700 1 _aТимофеева
_bА.Г.
_f1901-
_gАлександра Георгиевна
_4220
702 1 _aПетропавловский
_bР.В.
_4340
702 1 _aКрупская
_bН.К.
_f1869-
_gНадежда Константиновна
_4570
712 0 2 _aГосударственная б-ка СССР им. В.И. Ленина. Отд. справочно-библиогр. и информ. работы
801 0 _aRU
_bNLR
_gpsbo
801 1 _aRU
_bELAR
_2rusmarc
852 _aNLR
_j641/К84
942 _cBOOK
980 _aNB